|
|
|
|
| LEADER |
00984nam a22002657a 4500 |
| 001 |
AAL3881 |
| 003 |
BD-DhAAL |
| 005 |
20160428100233.0 |
| 008 |
160428s 1996us a|||| |||| 00| 0 eng d |
| 020 |
|
|
|a 047111636X
|
| 040 |
|
|
|a BD-DhAAL
|c BD-DhAAL
|
| 082 |
|
|
|a 910/.02
|
| 100 |
|
|
|a Domingo, Vernon
|9 19318
|
| 245 |
|
|
|a Guide to accompany Physical geography of the global environment /
|c Vernon Domingo and Harm J De Blij
|
| 250 |
|
|
|a second edition
|
| 260 |
|
|
|a New York ;
|b John Wiley,
|c 1996.
|
| 300 |
|
|
|a 356 p. :
|b ill. , maps ;
|c 28 cm
|
| 541 |
|
|
|e 3881
|
| 650 |
|
|
|a Physical geography --
|x Problems, exercises, etc.
|9 19319
|
| 650 |
|
|
|a Physical geography.
|9 19320
|
| 700 |
|
|
|a Blij, Harm J De
|9 19321
|
| 852 |
|
|
|a Savar Campus Library
|c General Shelf
|
| 942 |
|
|
|2 ddc
|c BK
|
| 999 |
|
|
|c 37498
|d 37498
|
| 952 |
|
|
|0 0
|1 0
|2 ddc
|4 0
|6 910_000000000000000__02_DOM
|7 0
|9 58873
|a SCL
|b SCL
|c GEN
|d 2016-04-28
|e Gift: The Asia Foundation
|l 0
|o 910.02 DOM
|p 3020003881
|r 2016-04-28
|t 1
|w 2016-04-28
|y BK
|